000 007700000a22002170004500
020 _a978-0-311-42119-0
082 0 4 _aG 253 I879g
100 1 _aCésar Isunza, Luis Gabriel
245 1 0 _aEl gozo del ministerio pastoral / Luis Gabriel César Isunza
260 _aEl Paso, Texas : Mundo Hispano
300 _a94 p.
440 0 _aCol. Mundo Hispano ; no. 42119
501 _aRústico
505 0 0 _aEl llamado de Dios al ministerio -- La relación con Dios -- La relación con la familia -- La relación con la iglesia -- La relación con el mundo -- La relación con otros pastores
650 1 4 _aLABOR PASTORAL
001 14334
942 _cBK
999 _c43214
_d43214
336 _atexto
_btxt
_2rdacontent
337 _2rdamedia
_asin mediación
_bn
338 _2rdacarrier
_avolumen
_bnc